| 000 | 00663nam a22002177a 4500 | ||
|---|---|---|---|
| 999 |
_c166207 _d166207 |
||
| 005 | 20190716163921.0 | ||
| 010 | _aENG-125958 | ||
| 020 |
_a9789387324978 _c720.00 |
||
| 035 | _aEN-109490 | ||
| 037 | _bDBAD/PUB | ||
| 082 | _a327.54 | ||
| 245 |
_aCorridors of engagement / _ced.by Swarn Singh, Anita Sengupta [and] Priya Singh |
||
| 260 |
_aNew Delhi _bKW Publishers _c2019 |
||
| 270 |
_a4676/21, First Floor, Ansari Road _bDaryaganj, New Delhi _e110002 |
||
| 300 |
_axiv,194p. _c24cm(Hb) |
||
| 500 | _aIncludes index | ||
| 700 | _aSwaran Singh | ||
| 700 | _aSengupta, Anita | ||
| 700 | _aPriya Singh | ||
| 942 |
_2ddc _cEN _h327.54 _mCOR |
||